[Event "Donetzk zt"]
[Site "Donetsk"]
[Date "1998.11.03"]
[Round "2"]
[White "Mikhaletz, Lubomir"]
[Black "Nechaev, Andrei"]
[Result "1/2-1/2"]
[WhiteElo "2495"]
[BlackElo "2330"]
[EventDate "1998.11.02"]
[PlyCount "113"]

1.e4 c5 2.Nf3 e6 3.d4 cxd4 4.Nxd4 Nf6 5.Nc3 d6 6.Be3 Nc6 7.Be2 Be7 8.O-O 
O-O 9.f4 Qc7 10.Ndb5 Qd8 11.a4 a6 12.Nd4 Qc7 13.Kh1 Re8 14.Qe1 Nxd4 15.
Bxd4 e5 16.fxe5 dxe5 17.Qg3 Bd8 18.Be3 Kh8 19.Bg5 Be6 20.Rad1 Nd7 21.Bh5 
Nc5 22.b4 Bxg5 23.Qxg5 Nb3 24.cxb3 Qxc3 25.Bxf7 Bxf7 26.Rxf7 Rg8 27.h3 
Raf8 28.Rxf8 Rxf8 29.Rd7 Rg8 30.Kh2 Qxb4 31.Qxe5 Qxb3 32.a5 h6 33.Rd6 Kh7 
34.Qf5+ Kh8 35.Rb6 Qc3 36.Rxb7 Re8 37.Ra7 Qe5+ 38.Qxe5 Rxe5 39.Rxa6 Rxe4 
40.Kg3 Ra4 41.Ra7 Kh7 42.a6 h5 43.Ra8 Kg6 44.Kf3 Ra2 45.g3 Ra4 46.a7 Ra3+ 
47.Kf4 Ra4+ 48.Ke5 Ra5+ 49.Ke6 Ra1 50.Ke7 Kh7 51.g4 hxg4 52.hxg4 Re1+ 53.
Kd6 Rd1+ 54.Ke6 Re1+ 55.Kf5 Rf1+ 56.Kg5 Ra1 57.Kf5 1/2-1/2

[Event "Donetzk zt"]
[Site "Donetsk"]
[Date "1998.11.03"]
[Round "2"]
[White "Novikov, Igor A"]
[Black "Tukmakov, Vladimir B"]
[Result "1/2-1/2"]
[WhiteElo "2545"]
[BlackElo "2605"]
[EventDate "1998.11.02"]
[PlyCount "32"]

1.d4 Nf6 2.c4 e6 3.Nf3 d5 4.Nc3 c5 5.cxd5 Nxd5 6.e4 Nxc3 7.bxc3 cxd4 8.
cxd4 Bb4+ 9.Bd2 Bxd2+ 10.Qxd2 O-O 11.Bc4 Nd7 12.O-O Nf6 13.Rfe1 b6 14.Rad1
Bb7 15.Qf4 Rc8 16.Bb3 Qc7 1/2-1/2

[Event "Donetzk zt"]
[Site "Donetsk"]
[Date "1998.11.03"]
[Round "2"]
[White "Ovsejevitsch, Sergei"]
[Black "Komarov, Dimitri"]
[Result "1/2-1/2"]
[WhiteElo "2500"]
[BlackElo "2570"]
[EventDate "1998.11.02"]
[PlyCount "84"]

1.d4 Nf6 2.c4 e6 3.Nf3 b6 4.g3 Ba6 5.b3 Bb4+ 6.Bd2 Be7 7.Bg2 c6 8.Bc3 d5 
9.Ne5 Nfd7 10.Nxd7 Nxd7 11.Nd2 O-O 12.O-O Nf6 13.e4 b5 14.Re1 dxe4 15.Qc2 
Rc8 16.Rad1 Nd5 17.Bxe4 Nxc3 18.Qxc3 Bf6 19.Qc2 g6 20.Nf3 bxc4 21.bxc4 Qa5
22.c5 Rfd8 23.Qc1 Bb5 24.h4 Rd7 25.Ne5 Bxe5 26.dxe5 Rxd1 27.Rxd1 Qxa2 28.
Rd7 Rf8 29.Qf4 a5 30.h5 Qe2 31.h6 Qh5 32.Kg2 a4 33.Ra7 Qd1 34.Qf6 Bf1+ 35.
Kh2 Qh5+ 36.Kg1 Qxh6 37.Kxf1 Qc1+ 38.Kg2 a3 39.Qf3 Qxc5 40.Rxa3 Qxe5 41.
Bxc6 h5 42.Ra7 Kg7 1/2-1/2

[Event "Donetzk zt"]
[Site "Donetsk"]
[Date "1998.11.03"]
[Round "2"]
[White "Savchenko, Stanislav"]
[Black "Miroshnichenko, Evgenij"]
[Result "1/2-1/2"]
[WhiteElo "2555"]
[BlackElo "2440"]
[EventDate "1998.11.02"]
[PlyCount "31"]

1.Nf3 Nf6 2.c4 c6 3.d4 d5 4.Nc3 e6 5.Bg5 h6 6.Bxf6 Qxf6 7.e3 Nd7 8.Bd3 g6 
9.e4 dxc4 10.e5 Qe7 11.Bxc4 Bg7 12.O-O O-O 13.Rc1 b6 14.Qe2 Bb7 15.Rfe1 
Rad8 16.Ne4 1/2-1/2

[Event "Donetzk zt"]
[Site "Donetsk"]
[Date "1998.11.03"]
[Round "2"]
[White "Shneider, Aleksandr"]
[Black "Zubarev, Alexander"]
[Result "0-1"]
[WhiteElo "2540"]
[BlackElo "2440"]
[EventDate "1998.11.02"]
[PlyCount "118"]

1.d4 e6 2.c4 Bb4+ 3.Bd2 Qe7 4.g3 Nf6 5.Bg2 Nc6 6.e3 e5 7.d5 Bxd2+ 8.Qxd2 
Nb8 9.Nc3 d6 10.Nge2 a5 11.Nb5 O-O 12.O-O Ne8 13.f4 Nd7 14.f5 Nc5 15.Nbc3 
Bd7 16.Ne4 Nxe4 17.Bxe4 Qg5 18.Nc3 Nf6 19.Rf2 g6 20.fxg6 hxg6 21.Bf3 Kg7 
22.e4 Qxd2 23.Rxd2 b6 24.Rc1 Ne8 25.g4 Rh8 26.Kg2 Nf6 27.Kg3 Raf8 28.Rf1 
Ne8 29.Rdf2 f6 30.h4 Kf7 31.Be2 Ke7 32.Nd1 f5 33.exf5 gxf5 34.gxf5 Nf6 35.
Nc3 Rh6 36.Rh2 Rg8+ 37.Kf2 Bxf5 38.Ke1 Bd7 39.Rhf2 Bh3 40.Rh1 Bd7 41.h5 
Be8 42.Rh4 Rgh8 43.Rfh2 Bxh5 44.Bd3 Ng4 45.Rg2 Nf6 46.Rgh2 Ng8 47.Nb5 Kd8 
48.Rg2 Be8 49.Rxh6 Nxh6 50.Rg7 Bxb5 51.cxb5 Rf8 52.Bg6 Nf5 53.Rh7 Nd4 54.
a4 Rg8 55.Bf7 Rg2 56.Be6 e4 57.Rd7+ Ke8 58.Kf1 Rc2 59.Rh7 e3 0-1

[Event "Donetzk zt"]
[Site "Donetsk"]
[Date "1998.11.03"]
[Round "2"]
[White "Sulypa, Alexandre"]
[Black "Kuzmin, Gennadi P"]
[Result "1/2-1/2"]
[WhiteElo "2415"]
[BlackElo "2560"]
[EventDate "1998.11.02"]
[PlyCount "95"]

1.d4 Nf6 2.c4 e6 3.Nf3 Bb4+ 4.Nbd2 b6 5.a3 Bxd2+ 6.Bxd2 h6 7.g3 Bb7 8.Bg2 
Be4 9.O-O Nc6 10.Rc1 O-O 11.Bf4 Ne7 12.Qd2 Ng6 13.Be3 d6 14.Bh3 c5 15.Rfd1
Qe7 16.b4 Rfd8 17.dxc5 dxc5 18.Qb2 Bf5 19.Bg2 Rxd1+ 20.Rxd1 Ng4 21.Bd2 Rd8
22.Rc1 e5 23.h3 Nf6 24.Bc3 e4 25.Ne5 Nxe5 26.Bxe5 e3 27.fxe3 Re8 28.Bxf6 
Qxe3+ 29.Kh2 gxf6 30.Rf1 Bg6 31.Rxf6 Qxe2 32.Qxe2 Rxe2 33.Kg1 Kg7 34.Rf2 
Re1+ 35.Rf1 Re3 36.Rf3 Re4 37.bxc5 bxc5 38.Rf4 Re3 39.Rf3 Re6 40.Kf2 Rb6 
41.Re3 Kf6 42.Bd5 Rb2+ 43.Re2 Rb1 44.Re3 Ra1 45.g4 Rd1 46.Kg3 Rd4 47.Rf3+ 
Ke7 48.Re3+ 1/2-1/2

[Event "Donetzk zt"]
[Site "Donetsk"]
[Date "1998.11.04"]
[Round "3"]
[White "Berelowitsch, Alexander"]
[Black "Lerner, Konstantin Z"]
[Result "1/2-1/2"]
[WhiteElo "2495"]
[BlackElo "2580"]
[EventDate "1998.11.02"]
[PlyCount "133"]

1.e4 c5 2.Nf3 d6 3.d4 cxd4 4.Nxd4 Nf6 5.Nc3 Nc6 6.Bg5 e6 7.Qd2 a6 8.O-O-O 
h6 9.Nxc6 bxc6 10.Bf4 d5 11.Qe3 Qa5 12.a3 Bc5 13.Qf3 Ra7 14.Bd2 Qc7 15.Bd3
Be7 16.Rhe1 d4 17.Ne2 c5 18.Bc4 Bb7 19.Nf4 Bd6 20.Nh5 Nxh5 21.Qxh5 g6 22.
Qg4 h5 23.Qh4 Be7 24.Qf4 Qxf4 25.Bxf4 Bc6 26.b3 Bb5 27.Rd3 Kd7 28.a4 Bxc4 
29.bxc4 g5 30.Bd2 Rb7 31.Rb3 Rhb8 32.Rxb7+ Rxb7 33.h3 f6 34.f3 Bd6 35.Rh1 
h4 36.Rd1 Bf4 37.c3 e5 38.Kc2 Bxd2 39.Rxd2 Ke6 40.a5 f5 41.exf5+ Kxf5 42.
Rd1 Kf4 43.Re1 Rd7 44.Re4+ Kf5 45.Re1 Rb7 46.Rd1 Rb8 47.Re1 Rb7 48.Rd1 Kf4
49.Re1 dxc3 50.Kxc3 Rb4 51.Re4+ Kf5 52.Re1 Ra4 53.Kb3 Rb4+ 54.Kc3 Rb8 55.
Rd1 Kf4 56.Rd6 g4 57.fxg4 e4 58.Rxa6 Kg3 59.Re6 Kxg2 60.Rxe4 Kxh3 61.Re5 
Kxg4 62.Rxc5 h3 63.Rc7 Rh8 64.Rg7+ Kf3 65.Rf7+ Ke2 66.Re7+ Kf2 67.Rf7+ 
1/2-1/2

[Event "Donetzk zt"]
[Site "Donetsk"]
[Date "1998.11.04"]
[Round "3"]
[White "Komarov, Dimitri"]
[Black "Sulypa, Alexandre"]
[Result "1/2-1/2"]
[WhiteElo "2570"]
[BlackElo "2415"]
[EventDate "1998.11.02"]
[PlyCount "122"]

1.d4 Nf6 2.c4 g6 3.Nc3 d5 4.Nf3 Bg7 5.Bf4 O-O 6.Rc1 dxc4 7.e4 Bg4 8.Bxc4 
Bxf3 9.gxf3 Nh5 10.Be3 e5 11.dxe5 Bxe5 12.Qxd8 Rxd8 13.O-O Nd7 14.Ne2 Nb6 
15.Bb3 c6 16.Rb1 Rd3 17.f4 Bc7 18.Rfd1 Rad8 19.Rxd3 Rxd3 20.Kg2 Ng7 21.Kf3
Ne6 22.e5 Rd8 23.Rc1 a6 24.Nc3 Nd5 25.Bxd5 cxd5 26.Ne2 Rd7 27.Nd4 Kf8 28.
Nb3 Ke7 29.Bc5+ Ke8 30.Rd1 f6 31.exf6 Kf7 32.Be7 Bxf4 33.Nc5 Nxc5 34.Kxf4 
Ne4 35.f3 Nxf6 36.Bc5 Rc7 37.b4 Rc8 38.Re1 Rc7 39.a4 Rd7 40.Rd1 Rd8 41.Bd4
Rc8 42.Ke5 Rc2 43.h3 Rc6 44.b5 Re6+ 45.Kf4 axb5 46.axb5 Nh5+ 47.Kg5 Ng3 
48.Ba1 Nf5 49.Rxd5 Re1 50.Bc3 Re3 51.Bd2 Re2 52.Kf4 Ke6 53.Rd8 Rg2 54.Bc3 
g5+ 55.Ke4 Nd6+ 56.Kd3 Nxb5 57.Bb4 Rb2 58.Kc4 Nc7 59.Rd6+ Ke5 60.Rd7 b5+ 
61.Kc3 Rb1 1/2-1/2

[Event "Donetzk zt"]
[Site "Donetsk"]
[Date "1998.11.04"]
[Round "3"]
[White "Kuzmin, Gennadi P"]
[Black "Ovsejevitsch, Sergei"]
[Result "1-0"]
[WhiteElo "2560"]
[BlackElo "2500"]
[EventDate "1998.11.02"]
[PlyCount "59"]

1.e4 c5 2.Nf3 d6 3.d4 cxd4 4.Nxd4 Nf6 5.Nc3 g6 6.Bg5 Bg7 7.f3 Nc6 8.Nb3 
O-O 9.Qd2 Be6 10.O-O-O a5 11.a4 Bxb3 12.cxb3 Nd7 13.Kb1 Nc5 14.Bc4 Ne5 15.
Bb5 Nxb3 16.Qe3 Nc6 17.h4 Nbd4 18.h5 Ne6 19.hxg6 Nxg5 20.Qxg5 hxg6 21.Qh4 
Re8 22.f4 e6 23.Qh7+ Kf8 24.e5 d5 25.Ne4 Qe7 26.Nf2 Red8 27.Ng4 Qb4 28.Nf6
Ne7 29.Be8 g5 30.g4 1-0

[Event "Donetzk zt"]
[Site "Donetsk"]
[Date "1998.11.04"]
[Round "3"]
[White "Malakhatko, Vadim"]
[Black "Shneider, Aleksandr"]
[Result "0-1"]
[WhiteElo "2435"]
[BlackElo "2540"]
[EventDate "1998.11.02"]
[PlyCount "64"]

1.e4 c5 2.Nf3 d6 3.d4 cxd4 4.Nxd4 Nf6 5.Nc3 a6 6.Bc4 e6 7.a3 Nc6 8.O-O Be7
9.Kh1 O-O 10.f4 d5 11.exd5 exd5 12.Ba2 Re8 13.Nf3 d4 14.Ne2 Bc5 15.Ng5 Re7
16.Ng3 h6 17.Nh5 Nd5 18.f5 hxg5 19.Bxg5 Ne3 20.Qd3 Ne5 21.Qe4 N5g4 22.Qf3 
Bxf5 23.h3 Ne5 24.Qg3 Bg6 25.Nf4 Nf5 26.Qb3 Kh7 27.Bxe7 Qxe7 28.Rae1 Ne3 
29.Nxg6 fxg6 30.Rf4 Qg5 31.Rxe3 Qxf4 32.Re1 d3 0-1

[Event "Donetzk zt"]
[Site "Donetsk"]
[Date "1998.11.04"]
[Round "3"]
[White "Milov, Leonid"]
[Black "Savchenko, Stanislav"]
[Result "1/2-1/2"]
[WhiteElo "2490"]
[BlackElo "2555"]
[EventDate "1998.11.02"]
[PlyCount "62"]

1.Nf3 d5 2.b3 Bg4 3.Bb2 Bxf3 4.exf3 e6 5.f4 Nf6 6.g3 g6 7.Bg2 Bg7 8.O-O 
O-O 9.d4 Ne4 10.Qe2 Nd6 11.c3 Nd7 12.Rd1 a5 13.c4 Re8 14.a4 Nf5 15.Na3 c6 
16.Rab1 Qb6 17.Qd3 Qa6 18.Nc2 Nb6 19.c5 Qxd3 20.Rxd3 Nd7 21.g4 Ne7 22.Bc1 
b6 23.cxb6 Reb8 24.Ba3 Bf8 25.Ne1 Rxb6 26.Rg3 Nc8 27.Bxf8 Kxf8 28.Nd3 Rab8
29.f3 Nd6 30.Nc5 Ke7 31.Bf1 Nc8 1/2-1/2

[Event "Donetzk zt"]
[Site "Donetsk"]
[Date "1998.11.04"]
[Round "3"]
[White "Moskalenko, Viktor"]
[Black "Kruppa, Yuri"]
[Result "1/2-1/2"]
[WhiteElo "2500"]
[BlackElo "2570"]
[EventDate "1998.11.02"]
[PlyCount "40"]

1.d4 e6 2.c4 d5 3.Nc3 Be7 4.cxd5 exd5 5.Bf4 Nf6 6.e3 Bf5 7.Nge2 O-O 8.Ng3 
Be6 9.Bd3 c5 10.dxc5 Bxc5 11.O-O Nc6 12.Bb5 Rc8 13.Rc1 d4 14.Na4 Be7 15.
Bxc6 Rxc6 16.Rxc6 bxc6 17.exd4 Bxa2 18.Nf5 Bb4 19.Bd2 Bxd2 20.Qxd2 Be6 
1/2-1/2

[Event "Donetzk zt"]
[Site "Donetsk"]
[Date "1998.11.04"]
[Round "3"]
[White "Nechaev, Andrei"]
[Black "Maksimenko, Andrei"]
[Result "0-1"]
[WhiteElo "2330"]
[BlackElo "2500"]
[EventDate "1998.11.02"]
[PlyCount "128"]

1.Nf3 Nf6 2.d4 c5 3.d5 b5 4.Bg5 d6 5.e4 Qa5+ 6.Qd2 Qb6 7.Qe2 a6 8.a4 bxa4 
9.c3 g6 10.Bxf6 exf6 11.Na3 Bh6 12.Nc4 Qc7 13.Qc2 O-O 14.Be2 Bd7 15.O-O 
Re8 16.Rfe1 Ra7 17.h3 Rb7 18.Bd1 Bb5 19.Na3 c4 20.Nd4 f5 21.Bf3 fxe4 22.
Rxe4 Rxe4 23.Qxe4 Nd7 24.Nc6 Nc5 25.Qe8+ Bf8 26.Re1 Bxc6 27.Qxc6 Nd3 28.
Re8 Ne5 29.Qxc7 Rxc7 30.Rb8 Nxf3+ 31.gxf3 Rc5 32.Rb4 Rxd5 33.Rxc4 Rd2 34.
Rxa4 Rxb2 35.Nc4 Rc2 36.Rxa6 Rxc3 37.Ne3 Rc5 38.Ra7 Kg7 39.Ng4 Rc2 40.Rd7 
Rc3 41.Kg2 Rc5 42.f4 Rb5 43.Kf3 Rb3+ 44.Kg2 Ra3 45.f5 gxf5 46.Ne3 Ra5 47.
Nc4 Rd5 48.Ne3 Rc5 49.Kf3 Kf6 50.Rd8 Ke7 51.Ra8 Bg7 52.Rg8 Bd4 53.Kf4 Kf6 
54.Rh8 Be5+ 55.Kf3 Rc3 56.Ke2 Kg7 57.Rd8 f4 58.Nf5+ Kf6 59.Nxd6 Ke7 60.Nb7
f3+ 61.Kd1 Bf4 62.Ke1 Rc7 63.Rd4 Be5 64.Re4 Kf6 0-1

[Event "Donetzk zt"]
[Site "Donetsk"]
[Date "1998.11.04"]
[Round "3"]
[White "Neverov, Valeriy"]
[Black "Baklan, Vladimir"]
[Result "1/2-1/2"]
[WhiteElo "2515"]
[BlackElo "2585"]
[EventDate "1998.11.02"]
[PlyCount "69"]

1.d4 Nf6 2.c4 e6 3.Nf3 b6 4.Nc3 Bb4 5.Bg5 Bb7 6.Nd2 h6 7.Bh4 Nc6 8.a3 Be7 
9.e3 d5 10.Be2 O-O 11.O-O dxc4 12.Nxc4 Ne4 13.Nxe4 Bxh4 14.Bf3 Rb8 15.Rc1 
Be7 16.Qc2 Qd7 17.Rfd1 Rfc8 18.b4 Qe8 19.Nc3 b5 20.Nd2 a5 21.Na2 Nd8 22.
Bxb7 Nxb7 23.Nf3 Ra8 24.Ne5 axb4 25.axb4 Bd6 26.Nd3 e5 27.Nc5 Rcb8 28.Nc3 
exd4 29.exd4 Bxc5 30.dxc5 Nd8 31.Re1 Ne6 32.Nd5 c6 33.Nb6 Ra7 34.Rcd1 Re7 
35.h3 1/2-1/2

[Event "Donetzk zt"]
[Site "Donetsk"]
[Date "1998.11.04"]
[Round "3"]
[White "Zubarev, Alexander"]
[Black "Romanishin, Oleg M"]
[Result "1-0"]
[WhiteElo "2440"]
[BlackElo "2600"]
[EventDate "1998.11.02"]
[PlyCount "85"]

1.e4 e5 2.Bc4 Nf6 3.d3 Nc6 4.Nc3 Na5 5.Qe2 Be7 6.Nf3 d6 7.Bd2 O-O 8.h3 a6 
9.g4 Nxc4 10.dxc4 b5 11.g5 Nh5 12.O-O-O c6 13.Nxe5 dxe5 14.Qxh5 bxc4 15.
Rhg1 g6 16.Qf3 Rb8 17.Ne2 Qb6 18.Bc3 Re8 19.h4 Bc5 20.Rgf1 Bb4 21.Bxb4 
Qxb4 22.Qc3 Qb6 23.Rd2 a5 24.a3 Be6 25.h5 Rbd8 26.Rxd8 Qxd8 27.Qe3 Bg4 28.
hxg6 fxg6 29.f3 Be6 30.Rd1 Qe7 31.Kb1 Rf8 32.Nc3 Qf7 33.Qc5 Qxf3 34.Qxe5 
Bg4 35.Rd6 Qf1+ 36.Ka2 Qf2 37.Rxc6 Qxc2 38.Qd5+ Rf7 39.Qd8+ Rf8 40.Qd5+ 
Rf7 41.Qxc4 Qd2 42.e5 Kg7 43.e6 1-0

[Event "Donetzk zt"]
[Site "Donetsk"]
[Date "1998.11.05"]
[Round "4"]
[White "Baklan, Vladimir"]
[Black "Moskalenko, Viktor"]
[Result "1/2-1/2"]
[WhiteElo "2585"]
[BlackElo "2500"]
[EventDate "1998.11.02"]
[PlyCount "158"]

1.e4 e6 2.d4 d5 3.e5 c5 4.c3 Qb6 5.Nf3 Nc6 6.a3 Nh6 7.b4 cxb4 8.cxb4 Nf5 
9.Be3 Bd7 10.Bd3 Nxe3 11.fxe3 Rc8 12.O-O Be7 13.Nbd2 Nd8 14.Qe2 Rc3 15.
Rfe1 O-O 16.g4 a6 17.Nb1 Rc8 18.Qd2 Qc7 19.Ra2 Ba4 20.Qg2 f6 21.exf6 gxf6 
22.g5 f5 23.g6 Bf6 24.Kh1 hxg6 25.Qxg6+ Qg7 26.Qh5 Qh7 27.Rg2+ Kh8 28.
Qxh7+ Kxh7 29.Ng5+ Bxg5 30.Rxg5 Nf7 31.Rh5+ Kg6 32.Rh3 Bc2 33.Rg3+ Kf6 34.
Bxc2 Rxc2 35.Rg2 Rxg2 36.Kxg2 Nd6 37.Nd2 Rc8 38.Nf3 Rc2+ 39.Kg1 Ra2 40.h4 
Rxa3 41.h5 Ne4 42.Re2 Ra1+ 43.Kh2 Rf1 44.Ne5 Kg5 45.Rg2+ Kxh5 46.Rg7 Rf2+ 
47.Kg1 Re2 48.Rh7+ Kg5 49.Rg7+ Kh6 50.Rg6+ Kh5 51.Rxe6 Rxe3 52.Rb6 f4 53.
Rxb7 Nc3 54.Kg2 Kg5 55.Rf7 Rg3+ 56.Kf1 Nb5 57.Rd7 Kf5 58.Rxd5 Ke4 59.Rd8 
Nxd4 60.Re8 Kd5 61.Nd7 Rf3+ 62.Kg2 Ra3 63.Nb6+ Kc6 64.Nc4 Ra2+ 65.Kf1 f3 
66.Re5 Rh2 67.Rc5+ Kb7 68.Na5+ Ka8 69.Rc8+ Ka7 70.Rc7+ Kb8 71.Rf7 Kc8 72.
Rf4 Rd2 73.Nc4 Rd1+ 74.Kf2 Kc7 75.Ne5 Kb6 76.Nxf3 Nc6 77.Ke2 Rd5 78.Ne1 
Nd4+ 79.Ke3 Nc6 1/2-1/2

[Event "Donetzk zt"]
[Site "Donetsk"]
[Date "1998.11.05"]
[Round "4"]
[White "Berezin, Oleg"]
[Black "Mikhaletz, Lubomir"]
[Result "1-0"]
[WhiteElo "2455"]
[BlackElo "2495"]
[EventDate "1998.11.02"]
[PlyCount "80"]

1.d4 d5 2.Nf3 c6 3.c4 e6 4.Qc2 Nf6 5.g3 Nbd7 6.Bg2 Bd6 7.O-O O-O 8.Nbd2 c5
9.cxd5 exd5 10.b3 Re8 11.Re1 b6 12.Bb2 Bb7 13.dxc5 bxc5 14.Rad1 Qc7 15.e3 
Bf8 16.Rc1 Qb6 17.Red1 Rad8 18.Bc3 a5 19.Rb1 Ba6 20.Nf1 h6 21.h3 Bb7 22.
N1d2 Bc6 23.Qb2 Qc7 24.Rbc1 Rb8 25.Qc2 Ra8 26.Ba1 Qb6 27.Ne1 a4 28.Nd3 
axb3 29.axb3 Bb7 30.Kh2 Rac8 31.Bc3 Qa7 32.Qb2 Qb8 33.b4 d4 34.exd4 Bxg2 
35.Kxg2 c4 36.Ne5 Nb6 37.b5 Na4 38.Qb1 Nd5 39.Ba1 c3 40.Ndc4 f6 1-0

[Event "Donetzk zt"]
[Site "Donetsk"]
[Date "1998.11.05"]
[Round "4"]
[White "Brodsky, Michail"]
[Black "Milov, Leonid"]
[Result "1/2-1/2"]
[WhiteElo "2525"]
[BlackElo "2490"]
[EventDate "1998.11.02"]
[PlyCount "32"]

1.e4 c5 2.Nf3 e6 3.c3 d5 4.exd5 exd5 5.d4 Nc6 6.Bb5 Bd6 7.dxc5 Bxc5 8.O-O 
Ne7 9.Nbd2 O-O 10.Nb3 Bb6 11.Re1 Nf5 12.Bd3 Bc7 13.Bg5 f6 14.Bc1 Qd6 15.g3
Bb6 16.Bf4 Qd7 1/2-1/2

[Event "Donetzk zt"]
[Site "Donetsk"]
[Date "1998.11.05"]
[Round "4"]
[White "Lerner, Konstantin Z"]
[Black "Neverov, Valeriy"]
[Result "1/2-1/2"]
[WhiteElo "2580"]
[BlackElo "2515"]
[EventDate "1998.11.02"]
[PlyCount "73"]

1.c4 Nf6 2.Nc3 g6 3.e4 d6 4.d4 Bg7 5.Be2 O-O 6.Bg5 Nbd7 7.f3 c6 8.Nh3 a6 
9.Qd2 b5 10.Nf2 bxc4 11.Bxc4 c5 12.dxc5 Nxc5 13.O-O Be6 14.Bxe6 Nxe6 15.
Be3 Qd7 16.Rac1 Qb7 17.b3 Rac8 18.Rfd1 Rc7 19.Ne2 Rfc8 20.Nd3 Rxc1 21.Rxc1
Rxc1+ 22.Qxc1 d5 23.e5 Nd7 24.f4 f6 25.Nd4 Nxd4 26.Bxd4 fxe5 27.fxe5 Nf8 
28.Nc5 Qc6 29.Qe3 Ne6 30.Nxe6 Qxe6 31.h3 Qf5 32.Qf3 Qxf3 33.gxf3 e6 34.b4 
Bf8 35.Bc3 Kf7 36.a4 Ke8 37.Kf2 1/2-1/2

[Event "Donetzk zt"]
[Site "Donetsk"]
[Date "1998.11.05"]
[Round "4"]
[White "Moroz, Alexander"]
[Black "Novikov, Igor A"]
[Result "0-1"]
[WhiteElo "2490"]
[BlackElo "2545"]
[EventDate "1998.11.02"]
[PlyCount "50"]

1.e4 c5 2.Nf3 d6 3.d4 cxd4 4.Nxd4 Nf6 5.Nc3 a6 6.a4 e6 7.Be2 Qc7 8.O-O Be7
9.f4 O-O 10.Kh1 Rd8 11.Bd3 Nbd7 12.Qe2 Nc5 13.Bd2 d5 14.e5 Nfe4 15.Bxe4 
dxe4 16.Nb3 Bd7 17.Nxe4 Nxa4 18.Qe3 Bc6 19.Ba5 b6 20.Rxa4 Bxa4 21.Bxb6 
Qxc2 22.Bxd8 Rxd8 23.Nbc5 Bxc5 24.Nxc5 Bc6 25.Rg1 Rd1 0-1

[Event "Donetzk zt"]
[Site "Donetsk"]
[Date "1998.11.05"]
[Round "4"]
[White "Romanishin, Oleg M"]
[Black "Ovsejevitsch, Sergei"]
[Result "1/2-1/2"]
[WhiteElo "2600"]
[BlackElo "2500"]
[EventDate "1998.11.02"]
[PlyCount "152"]

1.d4 Nf6 2.Nf3 d5 3.c4 e6 4.Nc3 Be7 5.Bg5 O-O 6.e3 h6 7.Bh4 Ne4 8.Bxe7 
Qxe7 9.Qc2 Nxc3 10.Qxc3 dxc4 11.Bxc4 b6 12.O-O Bb7 13.Be2 c5 14.dxc5 Rc8 
15.b4 bxc5 16.b5 a6 17.Rfb1 Nd7 18.a4 axb5 19.Bxb5 Bxf3 20.gxf3 c4 21.Kh1 
Rc5 22.Rg1 Qf6 23.Qxf6 Nxf6 24.Rac1 Nd5 25.Rxc4 Rxc4 26.Bxc4 Rxa4 27.Bxd5 
exd5 28.Rd1 Ra5 29.Rb1 Kf8 30.Rb7 Ra1+ 31.Kg2 Rd1 32.f4 g6 33.Rb6 Ke7 34.
Kf3 h5 35.f5 gxf5 36.Rh6 d4 37.Ke2 Rh1 38.Rxh5 dxe3 39.Kxe3 Ra1 40.Kf4 Ra3
41.f3 Ke6 42.Rh6+ f6 43.Rh7 Ra4+ 44.Kg3 Rb4 45.Ra7 Rc4 46.h4 Rc1 47.Ra2 
Rh1 48.Ra7 Rb1 49.Ra6+ Kf7 50.Kf4 Rb4+ 51.Kxf5 Rxh4 52.Ra7+ Kf8 53.Kg6 Rb4
54.Rf7+ Kg8 55.Rg7+ Kf8 56.Rf7+ Kg8 57.Rxf6 Rb3 58.f4 Rb4 59.f5 Rg4+ 60.
Kh6 Rf4 61.Kg5 Rf1 62.Rd6 Rg1+ 63.Kf6 Rf1 64.Rd8+ Kh7 65.Rd7+ Kg8 66.Rg7+ 
Kf8 67.Rg3 Rf2 68.Kg6 Kg8 69.Rg1 Rf3 70.Re1 Rg3+ 71.Kf6 Rf3 72.Re8+ Kh7 
73.Rf8 Ra3 74.Rf7+ Kg8 75.Rg7+ Kf8 76.Re7 Rf3 1/2-1/2

[Event "Donetzk zt"]
[Site "Donetsk"]
[Date "1998.11.05"]
[Round "4"]
[White "Savchenko, Stanislav"]
[Black "Nosenko, Alexander"]
[Result "1-0"]
[WhiteElo "2555"]
[BlackElo "2425"]
[EventDate "1998.11.02"]
[PlyCount "51"]

1.Nf3 f5 2.c4 Nf6 3.g3 g6 4.Bg2 Bg7 5.O-O O-O 6.d4 d6 7.Nc3 Qe8 8.Re1 h6 
9.e4 Nxe4 10.Nxe4 fxe4 11.Rxe4 Bf5 12.Re3 Nc6 13.d5 Nb4 14.Nh4 Qf7 15.Rf3 
e5 16.dxe6 Qxe6 17.Nxf5 gxf5 18.Rb3 Qxc4 19.Bd2 Nc6 20.Rc1 Qa6 21.Bf1 Qa4 
22.Rc4 Qxa2 23.Rxb7 Ne5 24.Rcxc7 Rf7 25.Bc3 Qe6 26.Bg2 1-0

[Event "Donetzk zt"]
[Site "Donetsk"]
[Date "1998.11.05"]
[Round "4"]
[White "Shneider, Aleksandr"]
[Black "Kopylov, Michael"]
[Result "1-0"]
[WhiteElo "2540"]
[BlackElo "2385"]
[EventDate "1998.11.02"]
[PlyCount "57"]

1.d4 Nf6 2.c4 c5 3.d5 b5 4.cxb5 a6 5.bxa6 Bxa6 6.Nc3 g6 7.Nf3 Bg7 8.e4 
Bxf1 9.Kxf1 d6 10.g3 O-O 11.Kg2 Nbd7 12.h3 Qa5 13.Re1 Rfb8 14.e5 Nxe5 15.
Nxe5 dxe5 16.Rxe5 Ra7 17.Qf3 Rb4 18.Re2 Qb6 19.Bf4 Nh5 20.Bg5 Rxb2 21.Rxb2
Qxb2 22.Rb1 Bxc3 23.Rxb2 Bxb2 24.Qb3 Be5 25.Qb6 Rxa2 26.Qd8+ Kg7 27.Bxe7 
g5 28.Bf8+ Kg6 29.Qb6+ 1-0

[Event "Donetzk zt"]
[Site "Donetsk"]
[Date "1998.11.05"]
[Round "4"]
[White "Sulypa, Alexandre"]
[Black "Golubev, Mikhail"]
[Result "1-0"]
[WhiteElo "2415"]
[BlackElo "2515"]
[EventDate "1998.11.02"]
[PlyCount "61"]

1.e4 c5 2.Nf3 d6 3.d4 Nf6 4.Nc3 cxd4 5.Nxd4 g6 6.Be3 Bg7 7.f3 O-O 8.Qd2 
Nc6 9.O-O-O d5 10.exd5 Nxd5 11.Nxc6 bxc6 12.Bd4 e5 13.Bc5 Be6 14.Ne4 Re8 
15.Bc4 f5 16.Ng5 Bh6 17.h4 Qf6 18.Kb1 Rad8 19.Rde1 Nc7 20.Qc3 Bxc4 21.
Qxc4+ Nd5 22.g4 Bg7 23.gxf5 gxf5 24.Rhg1 Rb8 25.c3 h6 26.Nh3 Kh7 27.Ka1 
Rb7 28.h5 Qf7 29.Rg6 Nf6 30.Qh4 Nxh5 31.Ng5+ 1-0

[Event "Donetzk zt"]
[Site "Donetsk"]
[Date "1998.11.06"]
[Round "5"]
[White "Golubev, Mikhail"]
[Black "Moroz, Alexander"]
[Result "1-0"]
[WhiteElo "2515"]
[BlackElo "2490"]
[EventDate "1998.11.02"]
[PlyCount "47"]

1.e4 c5 2.Nf3 e6 3.d4 cxd4 4.Nxd4 a6 5.Bd3 Bc5 6.c3 Nc6 7.Be3 Qb6 8.Nd2 
Qxb2 9.O-O Qxc3 10.Nxc6 Bxe3 11.fxe3 dxc6 12.Nc4 Qb4 13.e5 f5 14.Nd6+ Kf8 
15.Qh5 g6 16.Qg5 Qa5 17.g4 Kg7 18.gxf5 exf5 19.Rxf5 Bxf5 20.Nxf5+ Kf8 21.
Nd6 Kg7 22.Rf1 Qc7 23.Nf5+ Kf8 24.Nd4+ 1-0

[Event "Donetzk zt"]
[Site "Donetsk"]
[Date "1998.11.06"]
[Round "5"]
[White "Mikhaletz, Lubomir"]
[Black "Malakhatko, Vadim"]
[Result "0-1"]
[WhiteElo "2495"]
[BlackElo "2435"]
[EventDate "1998.11.02"]
[PlyCount "118"]

1.e4 e6 2.d3 d5 3.Nd2 Nf6 4.Ngf3 b6 5.c3 Be7 6.Be2 O-O 7.O-O c5 8.Qc2 Qc7 
9.g3 Bb7 10.Re1 Nbd7 11.Bf1 Bd6 12.Bg2 h6 13.Nh4 Rfe8 14.exd5 Bxd5 15.Ne4 
Be7 16.Nxf6+ Nxf6 17.Bxd5 Nxd5 18.Nf3 Bf6 19.Qa4 Rad8 20.Bd2 Ne7 21.Bf4 
Qd7 22.Qxd7 Rxd7 23.Rad1 Red8 24.Be5 Rxd3 25.Rxd3 Rxd3 26.Bxf6 gxf6 27.Kg2
Nc6 28.Re4 f5 29.Re2 Kg7 30.Nd2 Kf6 31.f4 b5 32.Nf3 Ke7 33.Rd2 Rxd2+ 34.
Nxd2 f6 35.Kh3 Kf7 36.Kh4 Kg6 37.Kh3 Na5 38.Kg2 Kf7 39.Kf2 e5 40.Nf3 Ke6 
41.b3 Nc6 42.Nd2 Kd5 43.Ke3 c4 44.bxc4+ bxc4 45.Nf1 Ne7 46.Kd2 exf4 47.
gxf4 Ke4 48.Ne3 Kxf4 49.Nxc4 Kf3 50.Kd3 Kg2 51.Ke3 Kxh2 52.Kf4 h5 53.Nd2 
Kg2 54.c4 h4 55.Nf3 h3 56.Ne1+ Kf1 57.Nf3 Kf2 58.Nh2 Kg2 59.Nf3 Ng6+ 0-1

[Event "Donetzk zt"]
[Site "Donetsk"]
[Date "1998.11.06"]
[Round "5"]
[White "Milov, Leonid"]
[Black "Baklan, Vladimir"]
[Result "1/2-1/2"]
[WhiteElo "2490"]
[BlackElo "2585"]
[EventDate "1998.11.02"]
[PlyCount "60"]

1.Nf3 c5 2.g3 Nc6 3.c4 g6 4.Bg2 Bg7 5.Nc3 d6 6.a3 Bd7 7.Rb1 Rc8 8.d3 Nd4 
9.Bd2 Bc6 10.e3 Nxf3+ 11.Bxf3 Nf6 12.b4 Bxf3 13.Qxf3 b6 14.O-O O-O 15.a4 
e6 16.Nb5 Qd7 17.bxc5 dxc5 18.Bc3 Ne8 19.Rfd1 a5 20.Rb3 Bxc3 21.Nxc3 Rb8 
22.Qf4 Rb7 23.d4 cxd4 24.exd4 Qc7 25.c5 bxc5 26.Rxb7 Qxb7 27.dxc5 Qc6 28.
Qc4 Nf6 29.Rd6 Qf3 30.c6 Ng4 1/2-1/2

[Event "Donetzk zt"]
[Site "Donetsk"]
[Date "1998.11.06"]
[Round "5"]
[White "Nechaev, Andrei"]
[Black "Kopylov, Michael"]
[Result "0-1"]
[WhiteElo "2330"]
[BlackElo "2385"]
[EventDate "1998.11.02"]
[PlyCount "76"]

1.d4 Nf6 2.c4 c5 3.d5 e6 4.Nc3 exd5 5.cxd5 d6 6.e4 g6 7.f4 Bg7 8.Bb5+ Nfd7
9.Nf3 O-O 10.O-O a6 11.Bd3 b5 12.Re1 b4 13.Na4 Nf6 14.h3 Bd7 15.a3 Re8 16.
axb4 cxb4 17.Ra2 Bb5 18.b3 Ra7 19.Be3 Rae7 20.Bb6 Qd7 21.Rae2 Nh5 22.Be3 
Bxa4 23.bxa4 Ng3 24.Rc2 Nxe4 25.Bxe4 Rxe4 26.Rce2 Qf5 27.Ng5 R4e7 28.Bf2 
Rxe2 29.Rxe2 Rc8 30.Re4 h6 31.g4 Qf6 32.Nf3 Qc3 33.Kg2 Nd7 34.Be1 Qc2+ 35.
Qxc2 Rxc2+ 36.Kg3 b3 37.Rb4 b2 38.Bf2 Rc1 0-1

[Event "Donetzk zt"]
[Site "Donetsk"]
[Date "1998.11.06"]
[Round "5"]
[White "Neverov, Valeriy"]
[Black "Kruppa, Yuri"]
[Result "1-0"]
[WhiteElo "2515"]
[BlackElo "2570"]
[EventDate "1998.11.02"]
[PlyCount "71"]

1.d4 e6 2.c4 d5 3.Nc3 Be7 4.Nf3 Nf6 5.Bg5 h6 6.Bh4 O-O 7.e3 b6 8.Be2 Bb7 
9.Bxf6 Bxf6 10.cxd5 exd5 11.b4 c6 12.O-O a5 13.b5 c5 14.Rc1 Nd7 15.Qd2 Qe7
16.dxc5 Bxc3 17.Qxc3 bxc5 18.Rc2 Rfc8 19.Rfc1 Qe6 20.Qb2 Qb6 21.Bd3 g6 22.
h4 h5 23.Ng5 a4 24.e4 f6 25.Nf3 dxe4 26.Bc4+ Kh7 27.Rd2 Nf8 28.Rcd1 Rc7 
29.Nh2 a3 30.Qa1 Ra4 31.Rd6 Qxd6 32.Rxd6 Rxc4 33.Qxf6 Rc1+ 34.Nf1 Kg8 35.
Rd8 Rf7 36.Qxg6+ 1-0